00323 a2200109 4500001001000000005001700010008004100027245004200068100001400110773007200124999001700196ART_1162620260410161858.0260409a 10aThe deadweight loss from a tax system1 aKay, J.A.0 tJournal of public economicsg- Vol. 13, NÂș 1 (feb. 1980)wREV11485 c25680d25680